000 00307nam a2200109Ia 4500
008 171211s9999 xx 000 0 und d
245 _aWelfare and the Well-Being of Children
245 _cJanet M. Currie
260 _c1995
650 _xECONOMICS
856 _uhttp://down.ebook777.com/064/9783718656240.pdf
999 _c349541
_d349541